000 01145cam a2200313 a 4500
999 _c232957
_d232957
001 3354756
003 Nust
005 20170227112411.0
008 860129s1985 enk b 000 1 eng
010 _a 86110186
020 _a9781840224122
040 _aDLC
_cDLC
_dDLC
050 0 0 _aPS2116
_b.W4 1985
082 0 0 _a813.4
_bJAM
100 1 _aJames, Henry,
_d1843-1916.
245 1 0 _aWhat Maisie knew /
_cHenry James ;
260 _aHarmondsworth, Middlesex, England ;
_aNew York, N.Y., U.S.A. :
_bPenguin Books,
_c2002.
300 _a222 p. ;
_c19 cm.
504 _aBibliography: p. 267-274.
650 0 _aChildren of divorced parents
_vFiction.
650 0 _aRemarried people
_vFiction.
650 0 _aGovernesses
_vFiction.
650 0 _aGirls
_vFiction.
655 7 _aDomestic fiction.
_2lcsh
655 7 _aBildungsromans.
_2gsafd
700 1 _aTheroux, Paul.
906 _a7
_bcbc
_corignew
_d3
_encip
_f19
_gy-gencatlg
942 _2ddc
_cBK